<?xml version="1.0" encoding="UTF-8"?>
<collection xmlns="http://www.loc.gov/MARC21/slim">
 <record>
  <leader>01994nam a2200205Ia 4500</leader>
  <controlfield tag="001">CTU_23648</controlfield>
  <controlfield tag="008">210402s9999    xx            000 0 und d</controlfield>
  <datafield tag="082" ind1=" " ind2=" ">
   <subfield code="a">658.8</subfield>
  </datafield>
  <datafield tag="082" ind1=" " ind2=" ">
   <subfield code="b">K87</subfield>
  </datafield>
  <datafield tag="100" ind1=" " ind2=" ">
   <subfield code="a">Kotler, Philip</subfield>
  </datafield>
  <datafield tag="245" ind1=" " ind2="0">
   <subfield code="a">Quản trị marketing =</subfield>
  </datafield>
  <datafield tag="245" ind1=" " ind2="0">
   <subfield code="b">Marketing management</subfield>
  </datafield>
  <datafield tag="245" ind1=" " ind2="0">
   <subfield code="c">Philip Kotler, Vũ Trọng Hùng</subfield>
  </datafield>
  <datafield tag="260" ind1=" " ind2=" ">
   <subfield code="a">Hà Nội</subfield>
  </datafield>
  <datafield tag="260" ind1=" " ind2=" ">
   <subfield code="b">Thống Kê</subfield>
  </datafield>
  <datafield tag="260" ind1=" " ind2=" ">
   <subfield code="c">1997</subfield>
  </datafield>
  <datafield tag="520" ind1=" " ind2=" ">
   <subfield code="a">Sách cung cấp những kiến thức tương đối hoàn chỉnh về tất cả các vấn đề của marketing. Sách được chia làm 6 phần. Phần I trình bày những cơ sở xã hội, quản trị và chiến lược của lý thuyết và thực tiễn marketing. Phần II trình bày những khái niệm và công cụ để phân tích mọi thị trường và môi trường marketing nhằm phát hiện ra những cơ hội. Phần III trình bày những nguyên tắc để đo lường, dự báo thị trường vàtiến hành phân khúc thị trường, xác định thị trường mục tiêu. Phần IV rà soát các vấn đề thiết kế chiến lược marketing cho công ty ở những vị trí khác nhau trên thị trường, vị trí toàn cầu, và các giai đoạn trong chu kỳ sống của sản phẩm. Phần V đề cập đến marketing chiến thuật và cách thức công ty xử lý từng yếu tố trong marketing-mix - sản phẩm, giá cả phân phối và khuyến mãi. Phần cuối xem xét phương diện hành chính của marketing, cụ thể là cách thức công ty tổ chức thực hiện và kiểm tra các nổ lực marketing</subfield>
  </datafield>
  <datafield tag="650" ind1=" " ind2=" ">
   <subfield code="a">Marketing</subfield>
  </datafield>
  <datafield tag="904" ind1=" " ind2=" ">
   <subfield code="i">Nguyên sửa</subfield>
  </datafield>
  <datafield tag="980" ind1=" " ind2=" ">
   <subfield code="a">Trung tâm Học liệu Trường Đại học Cần Thơ</subfield>
  </datafield>
 </record>
</collection>
